000 00438nam a22001697a 4500
003 NUST - PNEC
005 20170116180941.0
008 150907b xxu||||| |||| 00| 0 eng d
020 _a-
040 _cLIBRARY
082 _a621.37 PRA
100 _98722
_aPrasad, Rajendra
245 _aElectronic measurements & instrumentation
_cRajendra Prasad
260 _cc.1992
650 _98729
_aElectrical engineering
_xEE
942 _2ddc
_cBK
999 _c66155
_d66155